• 首页
  • 本馆介绍
  • 公告通知
  • 最新文献
  • 馆藏检索
  • 电子资源
  • 读者导购
  • 参考咨询
  • 我的图书馆
  • 登录
  • 详细信息显示
  • 放入我的书架
  • 预约/预借图书
  • 作者相关作品
  • 分类相关作品
  • 丛书相关作品
  • 出版社相关作品

书目信息

  • 表格格式
  • 工作单格式
  • 卡片格式
题名:
非线性光学原理
    
 
作者: 沈元壤 著 ;顾世杰 译
分册: 下册  
出版信息: 北京   科学出版社  1987
页数: 261页
开本: 20cm
丛书名:
单 册:
中图分类: O437
科图分类:
主题词: 非线性光学
电子资源:
ISBN:
000 00716nam0 2200265 45
001 0187008886
005 20040701153945.4
010    @b精装@dCNY3.50
091    @a13031.3595
100    @a19900808d1987 emky0chiy0121 ea
101 1  @achi@ceng
102    @aCN@b110000
105    @af z 000yy
106    @ar
200 10 @a非线性光学原理@Afei xian xing guang xue yuan li@h下册@f(美)沈元壤著@g顾世杰译
210    @a北京@c科学出版社@d1987
215    @a261页@d20cm
606    @a非线性光学
610 0  @a光学
690    @aO437@v3
701  0 @a沈元壤@Ashen yuan rang@4著
702  0 @a顾世杰@Agu shi jie@4译
801  0 @aCN@b深圳图书馆@c20040521
801  2 @aCN@bNLC@c20040521
905    @dO437@e23:2@f1@b204967
    
    非线性光学原理.下册/(美)沈元壤著/顾世杰译.-北京:科学出版社,1987
    261页;20cm
    
    
    ISBN (精装):CNY3.50
    
●
相关链接 在E读中查询图书 在五车中查询图书 在当当中查询图书 在豆瓣中查询图书


正题名:非线性光学原理     索取号:O437/23:2         预约/预借

序号 登录号 条形码 馆藏地/架位号 状态 备注
1 0204967   001944757   第三借阅区/ [索取号:O437/23:2] 在馆    
唐山师范学院图书馆 欢迎您!
大连网信软件有限公司© 版权所有